<?xml version="1.0" encoding="UTF-8"?>
<record
    xmlns:xsi="http://www.w3.org/2001/XMLSchema-instance"
    xsi:schemaLocation="http://www.loc.gov/MARC21/slim http://www.loc.gov/standards/marcxml/schema/MARC21slim.xsd"
    xmlns="http://www.loc.gov/MARC21/slim">

  <leader>01921    a2200229   4500</leader>
  <controlfield tag="001">61958</controlfield>
  <controlfield tag="005">20260407155912.0</controlfield>
  <controlfield tag="008">260407a1991    arg                 spa d</controlfield>
  <controlfield tag="003">AR-UNSa-BCEJYS</controlfield>
  <datafield tag="040" ind1=" " ind2=" ">
    <subfield code="a">AR-UNSa-BCEJYS</subfield>
    <subfield code="b">spa</subfield>
    <subfield code="c">AR-UNSa-BCEJYS</subfield>
  </datafield>
  <datafield tag="080" ind1=" " ind2=" ">
    <subfield code="a">347.19</subfield>
    <subfield code="x">Personas jur&#xED;dicas, corporaciones (Mutuales)</subfield>
  </datafield>
  <datafield tag="245" ind1="1" ind2="0">
    <subfield code="a">El abuso de la personalidad jur&#xED;dica</subfield>
    <subfield code="p">(en el derecho privado)</subfield>
  </datafield>
  <datafield tag="020" ind1=" " ind2=" ">
    <subfield code="a">978-950-14-0576-7</subfield>
  </datafield>
  <datafield tag="250" ind1=" " ind2=" ">
    <subfield code="a">2a. ed.</subfield>
  </datafield>
  <datafield tag="264" ind1=" " ind2="1">
    <subfield code="a">Buenos Aires :</subfield>
    <subfield code="b">Ediciones Depalma</subfield>
    <subfield code="c">1991</subfield>
  </datafield>
  <datafield tag="300" ind1=" " ind2=" ">
    <subfield code="a">xxiii, 661 p.</subfield>
    <subfield code="c">23 cm.</subfield>
  </datafield>
  <datafield tag="505" ind1=" " ind2=" ">
    <subfield code="a">1. Introducci&#xF3;n &#x2013; 2. La sociedad an&#xF3;nima norteamericana. Desarrollo hist&#xF3;rico &#x2013; 3. La desestimaci&#xF3;n de la personalidad jur&#xED;dica: un criterio de verdad &#x2013; 4. La equidad en el derecho angloamericano &#x2013; 5. El fraude en el derecho privado y en la desestimaci&#xF3;n de la personalidad jur&#xED;dica &#x2013; 6. La interposici&#xF3;n de personas en la teor&#xED;a de la desestimaci&#xF3;n de la personalidad jur&#xED;dica &#x2013; 7. Las sociedades controladas y la subordinaci&#xF3;n de los cr&#xE9;ditos en el derecho de los estados unidos &#x2013; 8. Las sociedades controladas y la subordinaci&#xF3;n de cr&#xE9;ditos en el derecho argentino &#x2013; 9. Las doctrinas del &#x201C;ESTOPPEL&#x201D; y de los propios actos &#x2013; 10. De la responsabilidad limitada a la solidaridad: los &#x201C;Join Ventures&#x201D; los contratos de colaboraci&#xF3;n empresaria en la ley argentina.  Las agrupaciones de colaboraci&#xF3;n. Las uniones transitorias de empresas &#x2013; 11. El control societario y el abuso de la personalidad jur&#xED;dica. El grupo de sociedades. El control y la responsabilidad en la ley Argentina &#x2013; 12. La unidad econ&#xF3;mica patrimonial &#x2013; 13. La confusi&#xF3;n patrimonial y la sociedad de un solo socio &#x2013; 14. La extensi&#xF3;n de la quiebra &#x2013; 15. El abuso de la personalidad jur&#xED;dica y el r&#xE9;gimen de los hechos il&#xED;citos - </subfield>
  </datafield>
  <datafield tag="041" ind1=" " ind2=" ">
    <subfield code="a">spa</subfield>
  </datafield>
  <datafield tag="942" ind1=" " ind2=" ">
    <subfield code="c">BK</subfield>
  </datafield>
  <datafield tag="590" ind1=" " ind2=" ">
    <subfield code="a">niveau_biblio:m niveau_hierar:0</subfield>
  </datafield>
  <datafield tag="100" ind1="1" ind2=" ">
    <subfield code="a">Dobson, Juan M.</subfield>
  </datafield>
  <datafield tag="999" ind1=" " ind2=" ">
    <subfield code="c">7498</subfield>
    <subfield code="d">7498</subfield>
  </datafield>
  <datafield tag="952" ind1=" " ind2=" ">
    <subfield code="0">0</subfield>
    <subfield code="1">0</subfield>
    <subfield code="4">0</subfield>
    <subfield code="7">0</subfield>
    <subfield code="a">BCEJYS</subfield>
    <subfield code="b">BCEJYS</subfield>
    <subfield code="c">16</subfield>
    <subfield code="d">2026-04-07</subfield>
    <subfield code="l">0</subfield>
    <subfield code="o">347.19 D635 2ed.</subfield>
    <subfield code="p">L53756</subfield>
    <subfield code="r">2026-04-07 15:59:12</subfield>
    <subfield code="w">2026-04-07</subfield>
    <subfield code="y">L</subfield>
  </datafield>
</record>
